000
00300nam a2200133Ia 4500
005
20260328104300.0
008
260328s9999||||xx |||||||||||||| ||und||
100
_a
Klein, Zach
245
0
_a
Cabin Porn /
_c
Zach Klein
260
_b
Little Brown
300
_a
320 p.
650
_a
MADERA
942
_c
BK
999
_c
10577
_d
10577